00716nam a22002057a 4500003000900000005001700009007000300026008004100029040002500070082001600095100003900111245003500150260003600185300002900221590002700250910001400277942001400291952018800305999001700493DO-SdBNP20220927101827.0ta110713s1922 pr c r 000 p spa d aDO-SdBNPbspacBNPHU axxxxbM671a aMirabal, Antonio958511d1880-196610aAlas y olas /cAntonio Mirabal aPuerto Rico :bEl Dia,c[1922]. a120 p. ;bretrs.c20 cm. aInventariado, 2022/ YL aYLockward 2ddccLBS1 00102ddc51708GR-RVaBNPHUbBNPHUcCTd2022-09-27l0oxxxx M671ap2022-4091r2022-09-27w2022-09-27yLBS1zPerteneció a la biblioteca personal de Federico Henríquez y Carvajal. c52481d52481